O superficiální ovariální graviditě

Bibliographic Details
Main Author: Synek, Jaroslav (Author)
Format: Article
Language:Czech

MARC

LEADER 00000nab a2200000ua 4500
001 vtls010777223
003 SK-MaSNL
005 20260303123417.0
008 230214s1935 xo |||||||||||||||||cze|
035 |a (urnnbn)urn:nbn:sk:snk:ar-a03ma2 
035 |a (uuid)afdc04a6-a598-47fc-b33e-97e8256436ad 
035 |a urn:nbn:sk:snk-ab5db4 
040 |a SNKBUCL  |b slo  |c SNKBUCL  |e AACR2 
041 0 |a cze 
044 |a xo  |c SK 
100 1 |a Synek, Jaroslav  |4 aut  |9 343134 
245 1 0 |a O superficiální ovariální graviditě  |c Jaroslav Synek 
773 0 |t Bratislavské lekárske listy  |g Roč. 15, č. 3 (1935), s. 477-[164x] 
954 |a odborná, vedecká literatúra cudzojazyčná (svetová)  |2 lita 
958 |a OND 
958 |a EUIPO 
958 |a article3 
999 |c 1925757  |d 1927687